000 00344nam a2200145Ia 4500
999 _c14324
_d14324
003 OSt
005 20260210174809.0
008 260210s9999 xx 000 0 und d
020 _a9780727761590
082 _a690
100 _aDavid Oloke
245 0 _aRefurbishment Projects: Health and Safety Management
260 _bTTL
942 _cUG
_2ddc